Statystyki dla Zawodnicy Speedway Ekstraligi 2020

Kliknij tutaj aby rozwiązać quiz!

Ogólne statystyki

  • Ten quiz został rozwiązany 140 razy
  • Średni wynik to 39 z 103

Statystyki odpowiedzi

DrużynaNarodowośćStatusZawodnik% Poprawnych
Unia LesznoPolskaSeniorJanusz Kołodziej
90%
Unia LesznoPolskaSeniorPiotr Pawlicki
86%
Sparta WrocławPolskaSeniorMaciej Janowski
85%
Sparta WrocławWielka BrytaniaSeniorTai Woffinden
83%
Unia LesznoPolskaJuniorDominik Kubera
82%
Włókniarz CzęstochowaAustraliaSeniorJason Doyle
82%
Unia LesznoPolskaSeniorBartosz Smektała
80%
GKM GrudziądzPolskaSeniorPrzemysław Pawlicki
80%
Sparta WrocławAustraliaGośćChris Holder
78%
GKM GrudziądzRosjaSeniorArtem Laguta
76%
Włókniarz CzęstochowaDaniaSeniorLeon Madsen
76%
Stal GorzówPolskaSeniorBartosz Zmarzlik
75%
Motor LublinRosjaSeniorGrigorij Laguta
74%
Falubaz Zielona GóraPolskaSeniorPatryk Dudek
74%
Stal GorzówAustraliaGośćJack Holder
73%
Falubaz Zielona GóraPolskaSeniorPiotr Protasiewicz
69%
Włókniarz CzęstochowaSzwecjaSeniorFredrik Lindgren
68%
Włókniarz CzęstochowaPolskaJuniorJakub Miśkowiak
68%
GKM GrudziądzDaniaSeniorNicki Pedersen
68%
Unia LesznoAustraliaSeniorJaimon Lidsey
67%
Sparta WrocławAustraliaSeniorMax Fricke
67%
Motor LublinPolskaSeniorJarosław Hampel
65%
Falubaz Zielona GóraSłowacjaSeniorMartin Vaculik
61%
Sparta WrocławPolskaJuniorBartosz Curzytek
58%
Unia LesznoPolskaJuniorKacper Pludra
58%
Sparta WrocławPolskaSeniorMaksym Drabik
58%
ROW RybnikPolskaSeniorKacper Woryna
57%
Sparta WrocławPolskaJuniorMichał Curzytek
57%
Unia LesznoRosjaSeniorEmil Sajfutdinow
56%
Motor LublinPolskaJuniorWiktor Lampart
56%
Stal GorzówDaniaSeniorAnders Thomsen
55%
Włókniarz CzęstochowaPolskaJuniorMateusz Świdnicki
55%
Stal GorzówPolskaSeniorSzymon Woźniak
55%
Stal GorzówPolskaSeniorKrzysztof Kasprzak
53%
Sparta WrocławPolskaJuniorGleb Czugunow
51%
Włókniarz CzęstochowaPolskaJuniorBartłomiej Kowalski
50%
Motor LublinSłoweniaSeniorMatej Zagar
50%
Sparta WrocławPolskaJuniorPrzemysław Liszka
49%
ROW RybnikWielka BrytaniaSeniorRobert Lambert
49%
Motor LublinDaniaSeniorMikkel Michelsen
46%
Włókniarz CzęstochowaPolskaSeniorRune Holta
46%
Sparta WrocławAustraliaSeniorDaniel Bewley
45%
Włókniarz CzęstochowaPolskaSeniorPaweł Przedpełski
45%
Falubaz Zielona GóraPolskaJuniorNorbert Krakowiak
43%
Unia LesznoPolskaJuniorSzymon Szlauderbach
43%
Falubaz Zielona GóraPolskaJuniorMateusz Tonder
42%
ROW RybnikCzechySeniorVaclav Milik
40%
Falubaz Zielona GóraDaniaSeniorMichael Jepsen Jensen
38%
GKM GrudziądzPolskaSeniorKrzysztof Buczkowski
37%
Falubaz Zielona GóraCzechySeniorJan Kvech
36%
ROW RybnikPolskaGośćAdrian Miedziński
35%
GKM GrudziądzDaniaSeniorKenneth Bjerre
35%
Unia LesznoPolskaJuniorKrzysztof Sadurski
33%
Sparta WrocławSzwecjaGośćOliver Berntzon
33%
Stal GorzówPolskaJuniorMateusz Bartkowiak
32%
Stal GorzówPolskaJuniorRafał Karczmarz
31%
Falubaz Zielona GóraPolskaJuniorDamian Pawliczak
30%
Stal GorzówDaniaSeniorNiels Kristian Iversen
30%
Motor LublinPolskaSeniorPaweł Miesiąc
30%
Stal GorzówPolskaJuniorWiktor Jasiński
29%
Falubaz Zielona GóraSzwecjaSeniorAntonio Lindbaeck
26%
ROW RybnikPolskaSeniorMateusz Szczepaniak
26%
ROW RybnikPolskaSeniorMichał Szczepaniak
25%
GKM GrudziądzPolskaGośćTobiasz Musielak
25%
Falubaz Zielona GóraAustraliaGośćRohan Tungate
24%
ROW RybnikŁotwaSeniorAndrzej Lebedevs
22%
Motor LublinPolskaJuniorWiktor Trofimow
22%
Falubaz Zielona GóraPolskaJuniorFabian Ragus
21%
GKM GrudziądzPolskaJuniorDenis Zieliński
20%
ROW RybnikPolskaJuniorMateusz Tudzieź
19%
Falubaz Zielona GóraRosjaGośćWiktor Kułakow
19%
Motor LublinPolskaSeniorJakub Jamróg
18%
ROW RybnikPolskaJuniorKamil Nowacki
18%
GKM GrudziądzPolskaGośćKrystian Pieszczek
18%
GKM GrudziądzPolskaJuniorKacper Łobodziński
17%
Falubaz Zielona GóraPolskaJuniorNile Tufft
17%
Stal GorzówDaniaGośćNicolai Klindt
16%
Falubaz Zielona GóraPolskaGośćGrzegorz Walasek
15%
GKM GrudziądzPolskaJuniorMarcin Turowski
15%
ROW RybnikRosjaSeniorSergej Logaczew
15%
GKM GrudziądzPolskaJuniorDamian Lotarski
13%
Motor LublinPolskaSeniorOskar Bober
12%
GKM GrudziądzRosjaSeniorRoman Lakhbaum
12%
ROW RybnikPolskaJuniorBłażej Wypiór
10%
Stal GorzówPolskaJuniorKamil Pytlewski
10%
ROW RybnikPolskaJuniorPrzemysław Giera
9%
Falubaz Zielona GóraPolskaSeniorSebastian Niedźwiedź
9%
ROW RybnikPolskaJuniorKacper Kłosok
8%
Włókniarz CzęstochowaPolskaJuniorKamil Król
7%
Motor LublinPolskaJuniorWiktor Firmuga
6%
Sparta WrocławPolskaJuniorWiktoria Garbowska
6%
Włókniarz CzęstochowaPolskaJuniorAdrian Bialk
5%
ROW RybnikPolskaJuniorDominik Tyman
5%
Stal GorzówPolskaGośćKamil Brzozowski
5%
Motor LublinPolskaJuniorMaksymilian Śledź
5%
Włókniarz CzęstochowaPolskaJuniorDominik Majchrzak
4%
Włókniarz CzęstochowaPolskaJuniorPatryk Kowalik
4%
Motor LublinPolskaJuniorJakub Banucha
3%
Włókniarz CzęstochowaPolskaJuniorJakub Martyniak
3%
Falubaz Zielona GóraPolskaJuniorDamian Boduch
2%
Motor LublinPolskaJuniorKacper Gosik
2%
Motor LublinPolskaJuniorMaciej Kuromonow
2%
Motor LublinPolskaJuniorJakub Szpytma
1%

Rozkład punktacji

Percentyl według liczby udzielonych odpowiedzi

Procent ludzi z każdym wynikiem

Twoja historia wyników

Nie rozwiązałeś tego quizu